Cómo trabajar en elementos de máquinas con tensiones variables /

Guardado en:
Autor Principal: Conde, Virginia L.
Otros Autores: Pelegrina, Carlos.
Formato: Libro
Idioma:Spanish
Publicado: Bahía Blanca : Universidad Nacional del Sur, 1985.
Series:Depto.de Ingeniería. Area 11: Proyecto mecánico; cát.de Elem.de máquinas
Materias:
Etiquetas: Agregar Etiqueta
Sin Etiquetas, Sea el primero en etiquetar este registro!
LEADER 00931nam a22002175a 4500
001 EUN.um033313
003 AR-BaUNS
005 20050623122907.0
008 041125s1985####ag#a##########000#0#spa#d
245 1 0 |a Cómo trabajar en elementos de máquinas con tensiones variables /  |c Virginia L. Conde, Carlos Pelegrina. 
260 |a Bahía Blanca :  |b Universidad Nacional del Sur,  |c 1985. 
300 |a 48 p. :  |b ilus. ;  |c 29,5 cm. . 
490 0 |a Depto.de Ingeniería. Area 11: Proyecto mecánico; cát.de Elem.de máquinas 
100 1 |a Conde, Virginia L. 
700 1 |a Pelegrina, Carlos. 
082 0 4 |a 621.8 
653 |a Pelegrina, Carlos 
859 |a Ar-BaUNS  |b BIB. CENTRAL - Sector A  |h 621.8  |i C751-1  |p 93812/987 
859 |a Ar-BaUNS  |b BIB. CENTRAL - Sector A  |h 621.8  |i C751-1  |p 93813/987  |t Ej.2 
859 |a Ar-BaUNS  |b BIB. CENTRAL - Sector A  |h 621.8  |i C751-1  |p 93814/987  |t Ej.3 
859 |a Ar-BaUNS  |b BIB. CENTRAL - Sector A  |h 621.8  |i C751-1  |p 93815/987  |t Ej.4